[Event "Quezon City U1800 op"]
[Site "Quezon City"]
[Date "2025.05.04"]
[Round "4"]
[White "Valencia, John Curt"]
[Black "Garcia, Ivan Resti"]
[Result "1/2-1/2"]
[WhiteElo "1706"]
[BlackElo "1550"]
[PlyCount "21"]
[EventDate "2025.05.03"]
[EventType "swiss"]
[EventRounds "7"]
[EventCountry "PHI"]
[SourceTitle "CB19_2025"]
[SourceDate "2025.05.07"]
[SourceVersion "1"]
[SourceVersionDate "2025.05.07"]
[SourceQuality "1"]

1. d4 Nf6 2. Bf4 g6 3. e3 Bg7 4. Nf3 0-0 5. h3 d6 6. c3 Nbd7 7. Bc4 b6 8. Nbd2 Bb7 9. 0-0 c5 10. Re1 d5 11. Ng5 1/2-1/2

[Event "Asia-ch U18"]
[Site "Tagaytay City"]
[Date "2024.10.13"]
[Round "1"]
[White "Valencia, John Curt"]
[Black "Amilal, Munkhdalai"]
[Result "0-1"]
[WhiteElo "1776"]
[BlackElo "2388"]
[PlyCount "76"]
[EventDate "2024.10.13"]
[EventType "swiss"]
[EventRounds "9"]
[EventCountry "PHI"]
[SourceTitle "CB43_2024"]
[Source "Chessbase"]
[SourceDate "2024.10.23"]
[SourceVersion "1"]
[SourceVersionDate "2024.10.23"]
[SourceQuality "1"]

1. d4 Nf6 2. Bf4 d5 3. e3 c5 4. c3 Nc6 5. Nd2 Qb6 6. Qb3 Bf5 7. dxc5 Qxb3 8. Nxb3 e5 9. Bg3 Ne4 10. Bb5 f6 11. Na5 a6 12. Nxc6 axb5 13. Nb4 Kf7 14. Nf3 Nxc5 15. 0-0 Na4 16. Nxd5 Nxb2 17. Rfe1 Be4 18. Nc7 Ra5 19. Nd2 Bc6 20. e4 Bd6 21. Nd5 Rha8 22. Nb3 Ra3 23. Reb1 Nc4 24. f3 Bxd5 25. exd5 Rxa2 26. Bf2 Rxa1 27. Nxa1 Ra2 28. Nb3 Rc2 29. Be1 b6 30. h3 Ne3 31. Nd2 Nxd5 32. Ne4 Bc5+ 33. Nxc5 bxc5 34. Rxb5 Nxc3 35. Rb3 Ne2+ 36. Kf1 Nf4 37. Rc3 Rxc3 38. Bxc3 Ke6 0-1